<?xml version="1.0" encoding="UTF-8"?>
<record
    xmlns:xsi="http://www.w3.org/2001/XMLSchema-instance"
    xsi:schemaLocation="http://www.loc.gov/MARC21/slim http://www.loc.gov/standards/marcxml/schema/MARC21slim.xsd"
    xmlns="http://www.loc.gov/MARC21/slim">

  <leader>01927agaaa2200325   4500</leader>
  <controlfield tag="001">0932</controlfield>
  <controlfield tag="003">IT-RoPAU</controlfield>
  <controlfield tag="005">20220918181228.0</controlfield>
  <controlfield tag="007">d cvaizq</controlfield>
  <controlfield tag="008">50131s9999||||xx ||| |     ||   ||und||</controlfield>
  <datafield tag="040" ind1=" " ind2=" ">
    <subfield code="a">IT-RoPAU</subfield>
    <subfield code="c">IT-RoPAU</subfield>
  </datafield>
  <datafield tag="041" ind1=" " ind2=" ">
    <subfield code="a">ITALIANO</subfield>
  </datafield>
  <datafield tag="100" ind1=" " ind2=" ">
    <subfield code="a">Ponzi Maurizio</subfield>
    <subfield code="g">Codice regista SPICS: 2416</subfield>
    <subfield code="9">39302</subfield>
  </datafield>
  <datafield tag="130" ind1=" " ind2=" ">
    <subfield code="a">IO, CHIARA E LO SCURO</subfield>
    <subfield code="9">39303</subfield>
  </datafield>
  <datafield tag="245" ind1=" " ind2=" ">
    <subfield code="a">IO, CHIARA E LO SCURO</subfield>
    <subfield code="c">Sceneggiatura: Ferrini Franco Oldoini Enrico Nuti Francesco Ponzi Maurizio -- Diretto da: Ponzi Maurizio</subfield>
    <subfield code="p">IO, CHIARA E LO SCURO (Rif. Codice opera principale : V0932)</subfield>
  </datafield>
  <datafield tag="250" ind1=" " ind2=" ">
    <subfield code="a">Edizione Standard</subfield>
  </datafield>
  <datafield tag="260" ind1=" " ind2=" ">
    <subfield code="a">(ITALIA)</subfield>
    <subfield code="b">MERA INTERNATIONAL FILM / Distribuzione: SPF FIRENZE</subfield>
    <subfield code="g">"1982 (1&#xB0; ed.: 1993 ; Ed. Lingua Orig.: 1982)"</subfield>
  </datafield>
  <datafield tag="300" ind1=" " ind2=" ">
    <subfield code="a">16MM</subfield>
    <subfield code="b">sonoro, col.</subfield>
    <subfield code="c">103 minuti</subfield>
  </datafield>
  <datafield tag="508" ind1=" " ind2=" ">
    <subfield code="a">"Fotografia: Cerchio Carlo; Montaggio: Montanari Sergio; Musica: Cordio Carlo Maria; Sceneggiatura: Ferrini Franco Oldoini Enrico Nuti Francesco Ponzi Maurizio; Soggetto: Nuti Francesco -- Ponzi Maurizio"</subfield>
  </datafield>
  <datafield tag="511" ind1=" " ind2=" ">
    <subfield code="a">"Nuti Francesco; De; Sio Giuliana; Lotti Marcello; Cecchetto Renato; Petrocelli Antoni"</subfield>
  </datafield>
  <datafield tag="520" ind1=" " ind2=" ">
    <subfield code="a">FRANCESCO PORTIERE D'ALBERGO E' UN ABILE GIOCATORE DI BILIARDO CHE SI METTE NEI GUAI QUANDO E' COSTRETTO A RUBARE DEI SOLDI DALLA CASSETTA DI SICUREZZA DEL SUO ALBERGO. PER SUA FORTUNA ENTRA NELLA SUA VITA CHIARA, UNA BELLA SASSOFONISTA, CHE LO AIUTERA' A RESTITUIRE IL DENARO RUBATO. FILM A COLORI.PELLICOLA IN BUONO STATO.</subfield>
  </datafield>
  <datafield tag="538" ind1=" " ind2=" ">
    <subfield code="a">MONO</subfield>
  </datafield>
  <datafield tag="546" ind1=" " ind2=" ">
    <subfield code="a">ITALIANO</subfield>
  </datafield>
  <datafield tag="650" ind1=" " ind2=" ">
    <subfield code="a">COMMEDIA</subfield>
    <subfield code="e">PELLICOLE CINEMA [16MM]</subfield>
    <subfield code="x">Codice MATERIA SPICS: 9955</subfield>
    <subfield code="9">39304</subfield>
  </datafield>
  <datafield tag="700" ind1=" " ind2=" ">
    <subfield code="a">Cordio Carlo Maria</subfield>
    <subfield code="e">(musica)</subfield>
    <subfield code="g">Codice Musica SPICS: 38684</subfield>
    <subfield code="9">39305</subfield>
  </datafield>
  <datafield tag="700" ind1=" " ind2=" ">
    <subfield code="a">Nuti Francesco </subfield>
    <subfield code="e">(soggetto)</subfield>
    <subfield code="g">Codice Soggetto SPICS: 23296</subfield>
    <subfield code="9">39306</subfield>
  </datafield>
  <datafield tag="700" ind1=" " ind2=" ">
    <subfield code="a">Ponzi Maurizio </subfield>
    <subfield code="e">(regista)</subfield>
    <subfield code="g">Codice regista SPICS: 2416</subfield>
    <subfield code="9">39307</subfield>
  </datafield>
  <datafield tag="700" ind1=" " ind2=" ">
    <subfield code="a">Ponzi Maurizio </subfield>
    <subfield code="e">(soggetto)</subfield>
    <subfield code="g">Codice Soggetto 2&#xB0; SPICS: 2416</subfield>
    <subfield code="9">39308</subfield>
  </datafield>
  <datafield tag="942" ind1=" " ind2=" ">
    <subfield code="c">MM</subfield>
    <subfield code="2">ddc</subfield>
  </datafield>
  <datafield tag="999" ind1=" " ind2=" ">
    <subfield code="c">105072</subfield>
    <subfield code="d">105072</subfield>
  </datafield>
  <datafield tag="952" ind1=" " ind2=" ">
    <subfield code="0">0</subfield>
    <subfield code="1">0</subfield>
    <subfield code="4">0</subfield>
    <subfield code="6">V_0932_000000000000000</subfield>
    <subfield code="7">1</subfield>
    <subfield code="a">SPICS</subfield>
    <subfield code="b">SPICS</subfield>
    <subfield code="d">2015-01-31</subfield>
    <subfield code="l">0</subfield>
    <subfield code="o">V0932</subfield>
    <subfield code="r">2015-01-31 00:00:00</subfield>
    <subfield code="w">2015-01-31</subfield>
    <subfield code="y">MM</subfield>
    <subfield code="z">Progr. Ins.: 1155 / N.Vol.:2 / Copie: 1 / Pag.:0 / Copia rara: n.d. / date import: 1.2.2015 / By Epidotti, Trombetti, Vaglietti - CUSTODITA PRESSO FILMOTECA VATICANA</subfield>
  </datafield>
</record>
